书目信息 |
| 题名: |
复变函数引论
|
|
| 作者: | 普里瓦洛夫 , 普里瓦洛夫 著 ;闵嗣鹤 译 | |
| 分册: | ||
| 出版信息: | 北京 人民教育出版社 1956 |
|
| 页数: | 470页 | |
| 开本: | 19cm | |
| 丛书名: | ||
| 单 册: | ||
| 中图分类: | O174.5 | |
| 科图分类: | ||
| 主题词: | 数学分析 | |
| 电子资源: | ||
| ISBN: | ||
| 000 | 00623nam0 2200217 45 | |
| 001 | 0405201591 | |
| 005 | 20070922101338.78 | |
| 010 | @dCNY1.12 | |
| 091 | @a13012.0115 | |
| 100 | @a20040520d1956 km y0chiy0120 ea | |
| 101 | 0 | @achi |
| 200 | 1 | @a复变函数引论@AFu Bian Han Shu Yin Lun@fИ·И·普里瓦洛夫著@FИ·И·pu li wa luo fu zhu@g闵嗣鹤等译 |
| 210 | @a北京@c人民教育出版社@d1956 | |
| 215 | @a470页@d19cm | |
| 606 | 0 | @a数学分析 |
| 690 | @aO174.5@v3 | |
| 701 | 0 | @a普里瓦洛夫@4著 |
| 701 | 0 | @a普里瓦洛夫@Apu li wa luo fu@4著 |
| 702 | 0 | @a闵嗣鹤@AMin Si He@4译 |
| 801 | @aCN@bPftUser@c20070922 | |
| 905 | @dO174.5@e1 | |
| 复变函数引论/И·И·普里瓦洛夫著/闵嗣鹤等译.-北京:人民教育出版社,1956 |
| 470页;19cm |
| ISBN :CNY1.12 |
| ● |
| 相关链接 |
|
|
|
|
正题名:复变函数引论
索取号:O174.5/1
 
预约/预借
| 序号 | 登录号 | 条形码 | 馆藏地/架位号 | 状态 | 备注 |
| 1 | 0000244 | 202212471 | 密集书库/ [索取号:O174.5/1] | 在馆 | |
| 2 | 0000246 | 001693554 | 密集书库/ [索取号:O174.5/1] | 在馆 | |
| 3 | 0000248 | 000421163 | 第三借阅区/ [索取号:O174.5/1] | 在馆 | |
| 4 | 0002971 | 001587955 | 第二样本阅览室/ [索取号:O174.5/1] | 在馆 | |
| 5 | 0430889 | 204308891 | 密集书库/ [索取号:O174.5/1] | 在馆 | |
| 6 | 0430890 | 204308908 | 密集书库/ [索取号:O174.5/1] | 在馆 | |
| 7 | 0430891 | 204308917 | 密集书库/ [索取号:O174.5/1] | 在馆 | |
| 8 | 0609356 | 206093564 | 密集书库/ [索取号:O174.5/1] | 在馆 | |
| 9 | 0769142 | 207691425 | 密集书库/ [索取号:O174.5/1] | 在馆 |